Adivina el futbolista #3 - Estadísticas

Estadísticas generales
  • Esta prueba ha sido intentada 30 veces
  • La puntuación promedio es 6 de 16
Estadísticas de respuestas
Imagen Respuesta % Correcto
Gravesen
96%
Anelka
69%
Alexandre Pato
65%
Luis Milla
58%
Nuri Sahin
58%
Robert Navarro
46%
Mayulu
38%
Kiko Narváez
35%
Iván de la Peña
31%
Teófilo Cubillas
31%
Uche
31%
Donato
27%
Chendo
19%
Carlos Ruiz
0%
Freddie Woodman
0%
Tassotti
0%
No se encontraron pruebas coincidentes
Distribución de puntuación
Porcentaje de gente con cada puntuación
Porcentaje por número respondido
Historial de tus puntuaciones
No has intentado esta prueba.